[Event "4th ch-Mediterranean"]
[Site "Cannes FRA"]
[Date "2007.02.24"]
[Round "8"]
[White "Georgiadis,I"]
[Black "Collas,S"]
[Result "1-0"]
[WhiteElo "2388"]
[BlackElo "2389"]

1.e4 c5 2.Nf3 e6 3.d4 cxd4 4.Nxd4 a6 5.Nc3 Qc7 6.Bd3 Nf6 7.O-O Bc5 8.Nb3 Be7
9.f4 d6 10.a4 b6 11.e5 Nfd7 12.exd6 Bxd6 13.Ne4 Be7 14.f5 exf5 15.Bf4 Ne5
16.Ng3 g6 17.Re1 Nbd7 18.Qe2 f6 19.Nxf5 gxf5 20.Qh5+ Kd8 21.Rad1 Bc5+ 22.Kh1 Qc6
23.Bxf5 Qxa4 24.Nxc5 bxc5 25.Bxe5 fxe5 26.Bxd7 Bxd7 27.Qxe5 Rg8 28.Re4 Qc6
29.Qe7+ Kc8 30.Rxd7 Qxd7 31.Qxc5+ Kd8 32.Qb6+ Qc7 33.Rd4+ Kc8 34.Qe6+ Kb7
35.Rb4+  1-0

[Event "Bundesliga 2006-7"]
[Site "Werder Bremen GER"]
[Date "2007.02.24"]
[Round "10"]
[White "Hracek,Z"]
[Black "Werle,J"]
[Result "1/2-1/2"]
[WhiteElo "2619"]
[BlackElo "2566"]

1.e4 c5 2.Nf3 e6 3.d4 cxd4 4.Nxd4 a6 5.Nc3 b5 6.Bd3 Qb6 7.Nf3 Qc7 8.O-O Bb7
9.Re1 Be7 10.e5 f5 11.Nd4 g6 12.Bf1 Nc6 13.Nxc6 Bxc6 14.Be3 h5 15.a4 b4 16.Ne2 Nh6
17.Nf4 Kf7 18.Bd4 Kg7 19.Bc4 Qb7 20.f3 Nf7 21.Qe2 g5 22.Nd3 g4 23.f4 h4 24.b3 h3
25.g3 Rhc8 26.Qf2 Bg2 27.Rad1 Rxc4 28.bxc4 Rc8 29.Nb2 Bf3 30.Rd3 Be4 31.Rde3 Bc6
32.Rd3 Be4 33.Rde3 Bc6 34.Rd3 Bd8 35.Red1 Be4 36.Re3 Bc6 37.Red3 Qc7 38.Be3 Ba8
39.Rxd7 Qc6 40.Kf1 Qh1+ 41.Qg1 Qf3+ 42.Qf2 Qh1+ 43.Qg1 Qf3+ 44.Qf2 Qh1+  1/2-1/2

[Event "TCh-BEL 2006-7"]
[Site "Belgium BEL"]
[Date "2007.02.25"]
[Round "9"]
[White "Kovalev,An"]
[Black "Horvath,Ad1"]
[Result "1/2-1/2"]
[WhiteElo "2533"]
[BlackElo "2446"]

1.e4 c5 2.Nf3 e6 3.Nc3 a6 4.d4 cxd4 5.Nxd4 Qc7 6.Be2 Nc6 7.O-O Nf6 8.Be3 Be7
9.f4 d6 10.Kh1 O-O 11.a4 Re8 12.Bf3 Na5 13.Bg1 Rb8 14.g4 b6 15.g5 Nd7 16.Bg2 Bf8
17.Qe1 Bb7 18.Rd1 g6 19.Rd3 Bg7 20.Qh4 Nc6 21.Nxc6 Bxc6 22.Rfd1 b5 23.axb5 axb5
24.Rxd6 b4 25.Rxc6 Qxc6 26.e5 Qc7 27.Ne4 Red8 28.Rd2 Kh8 29.Nd6 Kg8 30.Bd4 Nb6
31.b3 Nc8 32.Ne4 Ne7 33.Nd6 Nf5 34.Nxf5 exf5 35.Qe1 Rd7 36.Qe3 Rbd8 37.Bf3 Qa5
38.Kg2 Qa6 39.Rd3 Bf8 40.h4 Qa2 41.e6 Qxc2+ 42.Rd2 Qxd2+ 43.Qxd2 Rxd4 44.Qe3 Rd2+
45.Be2 Rc2 46.e7 Re8 47.Qd3 Rxe2+ 48.Qxe2 Rxe7 49.Qd2 Re4 50.h5 h6 51.Qd8 hxg5
52.h6 Re2+ 53.Kf1 Rh2 54.fxg5 Rh3 55.Kg2 Rh4 56.Kg3 Rh5 57.Kf4 Rh4+ 58.Ke5 Re4+
59.Kd5 Rh4 60.Qa8 Rh2 61.Ke5 Re2+ 62.Kf4 Rh2 63.Kg3 Rh5 64.Qd8 Rh1 65.Qe8 Rh5
66.Kf4 Rh4+ 67.Kf3 Rh5 68.Ke3 Rh1 69.Ke2 Rh3 70.Kf2 Rh4 71.Kg2 Rh5 72.Qd8 Rh4
73.Kg3 Rh5 74.Kf4 Rh4+ 75.Kg3  1/2-1/2

[Event "23rd Open"]
[Site "Cappelle la Grande FRA"]
[Date "2007.03.03"]
[Round "1"]
[White "Mateo,Ra"]
[Black "Cyborowski,L"]
[Result "1/2-1/2"]
[WhiteElo "2417"]
[BlackElo "2580"]

1.e4 c5 2.Nf3 e6 3.Nc3 a6 4.d4 cxd4 5.Nxd4 b5 6.Bd3 d6 7.O-O Nf6 8.Qe1 Qb6
9.Nb3 Qb7 10.Bg5 Nbd7 11.Kh1 h6 12.Bd2 Be7 13.f4 b4 14.Nd1 d5 15.exd5 Nxd5
16.f5  1/2-1/2

[Event "TCh-NED 2006-7"]
[Site "Netherlands NED"]
[Date "2007.03.03"]
[Round "6"]
[White "Stellwagen,D"]
[Black "Brenninkmeijer,J"]
[Result "1-0"]
[WhiteElo "2585"]
[BlackElo "2503"]

1.e4 c5 2.Nf3 e6 3.d4 cxd4 4.Nxd4 a6 5.Nc3 b5 6.Bd3 Bb7 7.O-O Nc6 8.Nxc6 dxc6
9.e5 Qc7 10.f4 Rd8 11.f5 exf5 12.Rxf5 c5 13.Qf1 c4 14.Be4 Bc8 15.Rf3 Be6
16.Bf5 Ne7 17.Bxe6 fxe6 18.Bg5 h6 19.Bh4 Rd4 20.Bf2 Rd7 21.a4 b4 22.Ne2 Qc6
23.Nd4 Qd5 24.b3 cxb3 25.cxb3 Ng6 26.Qxa6 Nxe5 27.Re3 Bc5 28.Rxe5 Qxe5 29.Qc8+ Ke7
30.Nc6+ Kf6 31.Nxe5 Bxf2+ 32.Kxf2 Rd2+ 33.Ke3 Rxc8 34.Ng4+ Kg5 35.Kxd2 Kxg4
36.a5  1-0

[Event "23rd Open"]
[Site "Cappelle la Grande FRA"]
[Date "2007.03.04"]
[Round "2"]
[White "Vovk,Y"]
[Black "Landa,K"]
[Result "0-1"]
[WhiteElo "2497"]
[BlackElo "2596"]

1.e4 c5 2.Nf3 e6 3.d4 cxd4 4.Nxd4 a6 5.Nc3 Qc7 6.Be2 b5 7.f4 Bb7 8.Bf3 Nf6
9.e5 b4 10.Nce2 Bxf3 11.Nxf3 Nd5 12.Qd3 Nc6 13.O-O Be7 14.Bd2 O-O 15.Rae1 Qb6+
16.Kh1 Qb5 17.Ned4 Qxd3 18.cxd3 Nxd4 19.Nxd4 Bc5 20.Nb3 Bb6 21.Re4 a5 22.Rc1 f6
23.g3 h5 24.Rcc4 Kf7 25.a3 a4 26.Nc1 f5 27.Re1 bxa3 28.bxa3 Rfb8 29.Ne2 Bf2
30.Rd1 Rb3 31.Bc1 Be3 32.Nd4 Rb1 33.Ne2 Rb3 34.Nd4 Rb1 35.Nf3 Rab8 36.Re1 R8b3
37.Bxe3 Rxe1+ 38.Nxe1 Nxe3 39.Rc7 Ke7 40.Kg1 Rxa3 41.Kf2 Ng4+ 42.Ke2 Nxh2
43.Nc2 Rb3 44.Ke3 Ng4+ 45.Ke2 Nh2 46.Ke3 Rb2 47.Na3 Nf1+ 48.Kf3 Rb3 49.Nc4 Rxd3+
50.Ke2 Rc3 51.Kxf1 a3 52.Kg2 a2 53.Ra7 Rxc4 54.Rxa2 h4 55.Rf2 hxg3 56.Kxg3 g5  0-1

[Event "I Open"]
[Site "La Laguna ESP"]
[Date "2007.03.05"]
[Round "1"]
[White "Kolev,At"]
[Black "Pena Hernandez,T"]
[Result "1-0"]
[WhiteElo "2502"]
[BlackElo "1782"]

1.e4 c5 2.Nf3 e6 3.d4 cxd4 4.Nxd4 a6 5.Nc3 Qc7 6.Bd3 Bb4 7.O-O b5 8.a4 Bxc3
9.bxc3 Qxc3 10.Rb1 Nf6 11.Bb2 Qc5 12.axb5 e5 13.Nb3 Qe7 14.Ra1 Bb7 15.Na5 Bxe4
16.Bxe4 Nxe4 17.Qd5  1-0

[Event "ch-TUR"]
[Site "Ankara TUR"]
[Date "2007.03.06"]
[Round "6"]
[White "Atakisi,U"]
[Black "Yildiz,B"]
[Result "0-1"]
[WhiteElo "2384"]
[BlackElo "2194"]

1.e4 c5 2.Nf3 e6 3.d4 cxd4 4.Nxd4 a6 5.Nc3 b5 6.Bd3 Qb6 7.Nf3 Qc7 8.O-O Nc6
9.Re1 d6 10.a4 b4 11.Ne2 Nf6 12.Ned4 Nxd4 13.Nxd4 Bb7 14.Qe2 Be7 15.Bd2 d5
16.exd5 Nxd5 17.Qh5 g6 18.Qe2 Nf4 19.Bxf4 Qxf4 20.Nxe6 fxe6 21.Qxe6 Qf7 22.Qb6 Bd5
23.Qd4 O-O 24.Rxe7 Qxe7 25.Qxd5+ Kh8 26.Qd4+ Rf6 27.Bc4 Rd8 28.Bd5 a5 29.Rd1 Rd6
30.c4 bxc3 31.bxc3 Rb6 32.h3 Kg7 33.c4 Rb4 34.Ra1 Qd7 35.Re1 Rb6 36.Qc5 Qf5
37.Re7+ Kh6 38.Qe3+ Qf4 39.Qxf4+ Rxf4 40.Ra7 Rb1+ 41.Kh2 Rxf2 42.Rxa5 Ra1
43.Bc6 Rc2 44.Rc5 Rac1 45.Bb5 Ra1 46.h4 Re2 47.Bc6 Re7 48.Rg5 Ree1 49.Ra5 Rac1
50.Rc5 Re7 51.Bb5 Re4 52.h5 g5 53.Rc7 Rc2 54.Rd7 Ree2 55.Bc6 Rxc4 56.Rd6+ Kg7
57.h6+ Kf8 58.Bb5 Rh4+ 59.Kg3 Re3+ 60.Kf2 Re7 61.a5 Rf4+ 62.Kg3 Re3+ 63.Kh2 g4
64.a6 Ra3 65.Rb6 Rf5 66.Bc4 Rh5+ 67.Kg1 g3 68.Rf6+ Ke7 69.Rf7+ Kd6 70.Rf3 Rha5
71.Rxa3 Rxa3 72.Kf1 Kc5 73.Bg8 Rxa6 74.Ke2 Rf6 75.Ke3 Rxh6 76.Ke4 Kd6 77.Kf4 Rf6+
78.Ke4 h5 79.Ke3 h4 80.Bh7 h3 81.Kd4  0-1

[Event "I Open"]
[Site "La Laguna ESP"]
[Date "2007.03.07"]
[Round "3"]
[White "Rodriguez Vera,G"]
[Black "Pena Hernandez,T"]
[Result "1-0"]
[WhiteElo "2169"]
[BlackElo "1782"]

1.e4 c5 2.Nf3 e6 3.Nc3 a6 4.d4 cxd4 5.Nxd4 Qc7 6.g3 Bb4 7.Ne2 b5 8.Bg2 Nc6
9.O-O Bb7 10.Bf4 e5 11.Nd5 Qd6 12.Be3 Nge7 13.a3 Ba5 14.b4 Bd8 15.Nec3 Nxd5
16.exd5 Ne7 17.Bc5 Qg6 18.Ne4 O-O 19.Nd6 Bc8 20.a4 bxa4 21.Rxa4 f5 22.Qe2 e4
23.Nxc8 Rxc8 24.Rxa6 Rf6 25.Rfa1 Nxd5 26.Ra7 d6 27.Qc4 dxc5 28.Qxd5+ Kh8
29.bxc5 Rfc6 30.Ra8 h6 31.Rxc8 Rxc8 32.Ra8 Qc6 33.Qxc6  1-0

[Event "I Open"]
[Site "La Laguna ESP"]
[Date "2007.03.08"]
[Round "5"]
[White "Alonso Contreras,M"]
[Black "Morales,Jul"]
[Result "0-1"]
[WhiteElo "2046"]
[BlackElo "2195"]

1.e4 c5 2.Nf3 e6 3.d4 cxd4 4.Nxd4 a6 5.Nc3 Qc7 6.g3 Bb4 7.Ne2 Nf6 8.Bg2 d6
9.O-O Nbd7 10.Bd2 Bc5 11.Nf4 Rb8 12.Nd3 Ba7 13.a4 Ne5 14.Nxe5 dxe5 15.Qe2 O-O
16.h4 Bd7 17.g4 b5 18.g5 Ne8 19.axb5 axb5 20.b4 Bd4 21.Ra3 Nd6 22.Nb1 Qxc2
23.Rc1 Qb2 24.Qd3 Rbc8 25.Rb3 Qa2 26.Rxc8 Bxc8 27.Bf1 Bb7  0-1

[Event "I Open"]
[Site "La Laguna ESP"]
[Date "2007.03.08"]
[Round "5"]
[White "Alonso Contreras,M"]
[Black "Morales,Jul"]
[Result "0-1"]
[WhiteElo "2046"]
[BlackElo "2195"]

1.e4 c5 2.Nf3 e6 3.d4 cxd4 4.Nxd4 a6 5.Nc3 Qc7 6.g3 Bb4 7.Ne2 Nf6 8.Bg2 d6
9.O-O Nbd7 10.Bd2 Bc5 11.Nf4 Rb8 12.Nd3 Ba7 13.a4 Ne5 14.Nxe5 dxe5 15.Qe2 O-O
16.h4 Bd7 17.g4 b5 18.g5 Ne8 19.axb5 axb5 20.b4 Bd4 21.Ra3 Nd6 22.Nb1 Qxc2
23.Rc1 Qb2 24.Qd3 Rbc8 25.Rc5 Nc4 26.Rb3 Qa2 27.Rxc8 Bxc8 28.Bf1 Bb7  0-1

[Event "1st Quality Rapid"]
[Site "Edinburgh SCO"]
[Date "2007.03.10"]
[Round "1.2"]
[White "Brunello,S"]
[Black "McNab,C"]
[Result "0-1"]
[WhiteElo "2468"]
[BlackElo "2428"]

1.e4 c5 2.Nf3 e6 3.d4 cxd4 4.Nxd4 a6 5.Nc3 b5 6.Bd3 Qb6 7.Nf3 Nc6 8.O-O Qb8
9.Qe2 Bd6 10.a4 b4 11.Nb1 Nf6 12.Nbd2 Ng4 13.h3 h5 14.Nc4 Bc7 15.Re1 Nge5
16.Be3 Nxf3+ 17.Qxf3 Ne5 18.Nxe5 Bxe5 19.Rab1 Bb7 20.Bc5 a5 21.c3 Bc6 22.cxb4 axb4
23.b3 g5 24.Qe3 Rg8 25.g3 h4 26.g4  0-1

[Event "1st Quality Rapid"]
[Site "Edinburgh SCO"]
[Date "2007.03.10"]
[Round "1.3"]
[White "Brunello,S"]
[Black "McNab,C"]
[Result "1-0"]
[WhiteElo "2468"]
[BlackElo "2428"]

1.e4 c5 2.Nf3 e6 3.d4 cxd4 4.Nxd4 a6 5.Nc3 b5 6.Bd3 Qb6 7.Nf3 Nc6 8.O-O Qb8
9.Qe2 Bd6 10.a4 b4 11.Nb1 Nf6 12.Nbd2 Ng4 13.h3 h5 14.Nc4 Bc7 15.Re1 Nge5
16.Be3 Nxf3+ 17.Qxf3 Ne5 18.Nxe5 Bxe5 19.Rab1 Bb7 20.Bc5 a5 21.c3 Bc6 22.cxb4 axb4
23.b3 g5 24.Qe3 Rg8 25.Bd4 Ke7 26.Bxe5 Qxe5 27.Rbc1 Ra5 28.f3 Rb8 29.Red1 f5
30.Qxg5+ Qf6 31.Qxf6+ Kxf6 32.exf5 exf5 33.Bc4 Re8 34.Kf2 f4 35.Rd6+ Kg7
36.Rd4 Rf5 37.Re1 Rxe1 38.Kxe1 Kf6 39.Bd3 Rg5 40.Kf2 Ke5 41.Rxb4 Rg8 42.a5 Ra8
43.a6 Ra7 44.Bf1 h4 45.Rb8 Kd4 46.b4  1-0

[Event "I Open"]
[Site "La Laguna ESP"]
[Date "2007.03.11"]
[Round "8"]
[White "Kraus,O"]
[Black "Gonzalez Marrero,J"]
[Result "1-0"]
[WhiteElo "2124"]
[BlackElo "2306"]

1.e4 c5 2.Nf3 e6 3.d4 cxd4 4.Nxd4 a6 5.Nc3 Qc7 6.Be2 Nf6 7.O-O Be7 8.Be3 O-O
9.f4 d6 10.Qe1 Nc6 11.Kh1 Bd7 12.Qg3 b5 13.e5 Ne8 14.Rae1 Kh8 15.Bd3 dxe5
16.Nxc6 Bxc6 17.fxe5 b4 18.Ne4 Bxe4 19.Bxe4 Rb8 20.Qh3 g6 21.Bh6 Ng7 22.Bf4 a5
23.Rf3 Nf5 24.Bxf5 gxf5 25.Qh5 Rg8 26.Rh3 Rg7 27.Bh6 Rg4 28.Bg5  1-0

[Event "I Open"]
[Site "La Laguna ESP"]
[Date "2007.03.12"]
[Round "9"]
[White "Spasov,V"]
[Black "Morales,Jul"]
[Result "1-0"]
[WhiteElo "2588"]
[BlackElo "2195"]

1.e4 c5 2.Nf3 e6 3.d4 cxd4 4.Nxd4 a6 5.Nc3 Qc7 6.Bd3 Nc6 7.Nxc6 dxc6 8.O-O Nf6
9.f4 e5 10.f5 b5 11.a4 Bb7 12.Kh1 Bc5 13.Qf3 h5 14.Bg5 h4 15.axb5 axb5 16.Rxa8+ Bxa8
17.Ra1 Bb7 18.Nd1 Qb6 19.h3 Be7 20.Be3 Bc5 21.Bd2 Nh5 22.Ne3 Nf4 23.Ng4 Nxd3
24.Qxd3 Qc7 25.f6 g6 26.Bc3 Bd4 27.Bxd4 exd4 28.Qxd4 c5 29.Qd3 Qd7 30.Ra7  1-0

[Event "I Open"]
[Site "La Laguna ESP"]
[Date "2007.03.12"]
[Round "9"]
[White "Alonso Contreras,M"]
[Black "Rivas Crespo,A"]
[Result "1-0"]
[WhiteElo "2046"]
[BlackElo "1769"]

1.e4 c5 2.Nf3 e6 3.d4 cxd4 4.Nxd4 a6 5.Nc3 Bc5 6.Nb3 Ba7 7.Be2 Ne7 8.O-O b5
9.Bf3 Bb7 10.Bf4 Nbc6 11.Bd6 Nc8 12.Bc5 d6 13.Bxa7 Rxa7 14.Be2 Ne5 15.Nd2 d5
16.exd5 Bxd5 17.Nxd5 Rd7 18.c4 bxc4 19.Nxc4 Rxd5 20.Qa4+ Qd7 21.Qxa6 O-O
22.Nxe5 Rxe5 23.Rfd1 Qa7 24.Qxa7 Nxa7 25.Bf3 Rb8 26.Rd7 Nb5 27.a4 Na3 28.bxa3  1-0

[Event "ch-RUS U20"]
[Site "Saint Petersburg RUS"]
[Date "2007.03.14"]
[Round "5"]
[White "Chadaev,N"]
[Black "Vitiugov,N"]
[Result "0-1"]
[WhiteElo "2484"]
[BlackElo "2604"]

1.e4 c5 2.Nf3 e6 3.d4 cxd4 4.Nxd4 a6 5.Nc3 b5 6.Bd3 Bb7 7.O-O d6 8.Qe2 Nf6
9.Bd2 Nbd7 10.a3 Be7 11.Rae1 Qb6 12.Be3 Qc7 13.f4 Nc5 14.Bf2 Rc8 15.Kh1 g6
16.Bg1 O-O 17.Nf3 Nh5 18.Qd2 e5 19.f5 Nf4 20.Be3 g5 21.f6 Bxf6 22.g3 Nfxd3
23.cxd3 Bg7 24.Nxg5 Qd7 25.g4 f6 26.Nf3 Qxg4 27.Qd1 Qh5 28.b4 Ne6 29.Nd5 Bxd5
30.exd5 Nc7 31.Rg1 Nxd5 32.Bh6 Rc7 33.Re4 Kh8 34.Rh4 Qf5 35.Rg3 Bxh6 36.Rxh6 Qf4  0-1

[Event "60th ch-RUS sf Urals"]
[Site "Nizhnij Tagil RUS"]
[Date "2007.03.15"]
[Round "2"]
[White "Kolomensky,V"]
[Black "Demin,V1"]
[Result "1/2-1/2"]
[WhiteElo "2257"]
[BlackElo "2441"]

1.e4 c5 2.Nf3 e6 3.Nc3 a6 4.d4 cxd4 5.Nxd4 Nc6 6.g3 Qc7 7.Bg2 Nf6 8.O-O Bc5
9.Bf4 e5 10.Nb3 exf4 11.Nxc5 fxg3 12.hxg3 d6 13.Nd3 h5 14.Nd5 Qd8 15.Qd2 h4
16.Qc3 Rh6 17.Rae1 Kf8 18.Nxf6 Qxf6 19.e5 dxe5 20.Nxe5 Bf5 21.Qc5+ Kg8 22.Nxc6 bxc6
23.Re5 Bxc2 24.Rfe1 Bd3 25.Rd1 Bb5 26.Qe3 Rf8 27.b3 c5 28.Qxc5 hxg3 29.fxg3 Rd8
30.Rdd5 Rxd5 31.Qxd5 Qb6+ 32.Qc5 Qd8 33.Re1 Rd6 34.a4 Rd1 35.Rxd1 Qxd1+ 36.Kh2 Bd7
37.Qb6 Qh5+ 38.Kg1 Qd1+ 39.Kh2  1/2-1/2

[Event "Bundesliga 2006-7"]
[Site "Bindlach GER"]
[Date "2007.03.18"]
[Round "13"]
[White "Thinius,M"]
[Black "Schlosser,P"]
[Result "0-1"]
[WhiteElo "2365"]
[BlackElo "2562"]

1.e4 c5 2.Nf3 e6 3.d4 cxd4 4.Nxd4 a6 5.Nc3 Qc7 6.Bd3 Nf6 7.O-O d6 8.f4 b5
9.Qe2 Nbd7 10.Kh1 Bb7 11.Bd2 Be7 12.Rae1 Nc5 13.b4 Nxd3 14.cxd3 O-O 15.Rc1 Rfc8
16.g4 Qd8 17.g5 Nd7 18.f5 e5 19.Nf3 Bf8 20.a3 Rc6 21.Be3 Rac8 22.Qb2 Qe8
23.Qb3 Kh8 24.Rg1 g6 25.f6 Qe6 26.Qb2 R6c7 27.Kg2 d5 28.Nxd5 Bxd5 29.exd5 Qxd5
30.Rxc7 Rxc7 31.Rd1 e4 32.Ne1 exd3+ 33.Kg1 Ne5 34.Qd4 Qe6 35.Bf4 Qg4+ 36.Kf2 Rc2+
37.Nxc2 Qf3+ 38.Kg1 Qxd1+ 39.Kg2  0-1

[Event "60th ch-RUS sf Urals"]
[Site "Nizhnij Tagil RUS"]
[Date "2007.03.18"]
[Round "5"]
[White "Abramov,Al"]
[Black "Obodchuk,A"]
[Result "0-1"]
[WhiteElo "2282"]
[BlackElo "2410"]

1.e4 c5 2.Nf3 e6 3.d4 cxd4 4.Nxd4 a6 5.Nc3 Qc7 6.Be2 Nf6 7.a3 b5 8.O-O Bb7
9.Bf3 d6 10.g3 Be7 11.Re1 O-O 12.Bg2 Nbd7 13.f4 Rfd8 14.g4 d5 15.e5 Ne4 16.Nxe4 dxe4
17.c3 Nc5 18.g5 Rac8 19.Be3 Nd3 20.Re2 Bc5 21.Kh1 a5 22.Qg1 b4 23.axb4 axb4
24.Rf1 Bf8 25.cxb4 Bxb4 26.Bh3 Qc4 27.b3 Qd5 28.g6 hxg6 29.Rg2 Re8 30.Bg4 Bc5
31.h4 Bxd4 32.Bxd4 e3 33.Bxe3 Rc2 34.Bf3 Qxf3 35.Rxf3 Bxf3 36.Qa1 Rxg2 37.Qd4 Rc8
38.h5 Nf2+ 39.Bxf2 Rxf2+  0-1

[Event "Agzamov Mem"]
[Site "Tashkent UZB"]
[Date "2007.03.20"]
[Round "6"]
[White "Dzhumaev,M"]
[Black "Fominyh,A"]
[Result "1-0"]
[WhiteElo "2526"]
[BlackElo "2513"]

1.e4 c5 2.Nf3 e6 3.d4 cxd4 4.Nxd4 a6 5.Nc3 b5 6.Bd3 Qb6 7.Nf3 Nc6 8.O-O d6
9.a4 b4 10.a5 Qc7 11.Na4 Nxa5 12.Be3 Rb8 13.c3 b3 14.Nb6 Rxb6 15.Rxa5 Rb8
16.Qa1 Nf6 17.Bxa6 Bd7 18.Bd3 Be7 19.Ra7 Rb7 20.Ra8+ Rb8 21.Qa7 Qxa7 22.Rxa7 Ng4
23.Bf4 e5 24.Bg5 Bxg5 25.Nxg5 Nf6 26.f4 O-O 27.Ra6 exf4 28.Rxd6 h6 29.Nf3 Rfd8
30.Nd4 Ne8 31.Ra6 Nc7 32.Ra7 Ne6 33.Bc4 Nxd4 34.cxd4 Rb4 35.Rc7 g5 36.Rc1 Kf8
37.Rc3 Rc8 38.Rxc8+ Bxc8 39.Kf2 Bd7 40.Ke1 Ke7 41.Kd2 Bg4 42.Rc1 Be6 43.d5 Bd7
44.Kc3 Rb8 45.e5 Bb5 46.Bxb3 g4 47.d6+ Kd7 48.Bd5 Be2 49.Ra1 Rb5 50.Ra7+ Kd8
51.e6  1-0

[Event "60th ch-RUS sf Urals"]
[Site "Nizhnij Tagil RUS"]
[Date "2007.03.21"]
[Round "8"]
[White "Kabanov,N"]
[Black "Demin,V1"]
[Result "1/2-1/2"]
[WhiteElo "2526"]
[BlackElo "2441"]

1.e4 c5 2.Nf3 e6 3.Nc3 a6 4.d4 cxd4 5.Nxd4 Qc7 6.g3 Nc6 7.Bg2 Nf6 8.O-O Bc5
9.Nb3 Ba7 10.Qe2 Ne5 11.Nd1 d6 12.Be3 Bd7 13.Bxa7 Rxa7 14.Nd4  1/2-1/2

[Event "66th ch-GEO"]
[Site "Tbilisi GEO"]
[Date "2007.03.21"]
[Round "7"]
[White "Gagunashvili,M"]
[Black "Pantsulaia,L"]
[Result "0-1"]
[WhiteElo "2611"]
[BlackElo "2612"]

1.e4 c5 2.Nf3 e6 3.d4 cxd4 4.Nxd4 a6 5.Nc3 Qc7 6.Bd3 Nf6 7.O-O Be7 8.Kh1 d6
9.f4 Nbd7 10.Qf3 b5 11.Bd2 Bb7 12.a4 b4 13.Na2 Nc5 14.Rfe1 Nxa4 15.Nxb4 Nc5
16.Na2 O-O 17.b4 Nxd3 18.cxd3 Rfe8 19.Rec1 Qd7 20.Nc3 g6 21.Na4 Rac8 22.Rxc8 Qxc8
23.Qd1 Nh5 24.Rc1 Qd7 25.Qb3 Bf6 26.Ne2 e5 27.fxe5 Bxe5 28.Ng1 Nf4 29.Bxf4 Bxf4
30.Nb6 Qd8 31.Rf1 Qxb6 32.Rxf4 d5 33.Rf1 Qe6 34.exd5 Bxd5 35.Qb2 Qe3 36.d4 Qd3
37.Ra1 Re4 38.Ra3 Qc4 39.h3 Rxd4 40.Rxa6 Rd1 41.Rf6 Qd3 42.Kh2 Rd2  0-1

[Event "Rector Cup m"]
[Site "Kharkiv UKR"]
[Date "2007.03.22"]
[Round "6"]
[White "Onischuk,V"]
[Black "Simonian,H"]
[Result "1-0"]
[WhiteElo "2469"]
[BlackElo "2384"]

1.e4 c5 2.Nf3 e6 3.Nc3 a6 4.d4 cxd4 5.Nxd4 b5 6.Bd3 Bc5 7.Nb3 Be7 8.Qg4 g6
9.Qe2 d6 10.O-O Bb7 11.a4 b4 12.Nd1 h5 13.Ne3 Nf6 14.Nc4 d5 15.exd5 Bxd5
16.Bf4 Nbd7 17.Rfd1 Kf8 18.Ne5 Nxe5 19.Bxe5 Qc8 20.Nd4 h4 21.c4 Bb7 22.Rac1 Qc5
23.Bb1 Rh5 24.Bf4 Kg8 25.Be3 Qc7 26.h3 Rc8 27.b3 e5 28.Nf3 Ne4 29.Bxe4 Bxe4
30.Nd2 Bc6 31.c5 Qb7 32.f3 e4 33.Nxe4 Bxe4 34.fxe4 Qxe4 35.Rc4 Qe6 36.Qf3 Rf5
37.Bf4 Rcxc5 38.Re4 Qf6 39.Qe2 Bf8 40.Be3 Rcd5 41.Rc1 Rfe5 42.Bf2 Bd6 43.Rxe5 Rxe5
44.Qg4 Re8 45.Qxh4 Qe5 46.g3 Qb2 47.Qc4 Re2 48.Rf1 Qe5 49.Qxa6 Kh7 50.Qc4 Kg8
51.a5 Ra2 52.a6 Bb8 53.Re1 Qf6 54.Re8+ Kg7 55.Qd4 Ba7  1-0

[Event "Open"]
[Site "Zagreb CRO"]
[Date "2007.03.22"]
[Round "6"]
[White "Cesmadziski,T"]
[Black "Klapsic,M"]
[Result "0-1"]
[WhiteElo "1944"]
[BlackElo "2155"]

1.e4 c5 2.Nf3 e6 3.d4 cxd4 4.Nxd4 a6 5.Nc3 Qc7 6.Bd3 Nf6 7.O-O h5 8.h3 Bc5
9.Nf3 Nc6 10.Ne2 d6 11.a3 Bd7 12.c4 Ne5 13.Nxe5 dxe5 14.b4 Ba7 15.Bb2 Bc6
16.Qc2 Rc8 17.Rac1 h4 18.Kh2 g5 19.f3 Nh5 20.c5 Bb8 21.Rfd1 Qe7 22.Qd2 Nf4
23.Nxf4 gxf4 24.Qf2 Qg5 25.Rc2 Ba4 26.Kh1 Rd8 27.Rdd2 Bxc2 28.Bxc2 Rxd2 29.Qxd2 O-O
30.Qe2 Rd8 31.Bc3 Qe7 32.Qf2 Rc8 33.Be1 Ba7 34.Qxh4 Qxh4 35.Bd3 Rc7 36.g4 Kg7
37.Bb5 f6 38.Ba4 Kf7 39.Bb5 Kg6  0-1

[Event "Rector Cup m"]
[Site "Kharkiv UKR"]
[Date "2007.03.24"]
[Round "9"]
[White "Simonian,H"]
[Black "Kovchan,A"]
[Result "1/2-1/2"]
[WhiteElo "2384"]
[BlackElo "2509"]

1.e4 c5 2.Nc3 e6 3.Nf3 a6 4.d4 cxd4 5.Nxd4 b5 6.Bd3 Bb7 7.O-O d6 8.Be3 Nd7
9.a3 Ngf6 10.f4 Be7  1/2-1/2

[Event "ch-KAZ"]
[Site "Astana KAZ"]
[Date "2007.03.26"]
[Round "7"]
[White "Kuderinov,K"]
[Black "Gnusarev,P"]
[Result "1-0"]
[WhiteElo "2436"]
[BlackElo "2426"]

1.e4 c5 2.Nf3 e6 3.d4 cxd4 4.Nxd4 a6 5.Nc3 d6 6.Be3 b5 7.Bd3 Nf6 8.f4 Bb7
9.O-O Nbd7 10.a3 Rc8 11.Qf3 Be7 12.Qg3 g6 13.e5 Nh5 14.Qg4 O-O 15.exd6 Bxd6
16.Kh1 Ndf6 17.Qh3 Qc7 18.f5 Bxh2 19.Nce2 exf5 20.Nxf5 Be5 21.Nh6+ Kg7 22.Kg1 Nd5
23.Nd4 Bh2+ 24.Qxh2 Qxh2+ 25.Kxh2 Nxe3 26.Rfe1 Nxg2 27.Re7 Bd5 28.Ng4 Ngf4
29.Rg1 Nxd3 30.cxd3 Rfe8 31.Ra7 Ra8 32.Rc7 Nf4 33.Rf1 Ne2 34.Nc6 Rac8 35.Nf6 Re6
36.Rxc8 Bxc6 37.Rc7 Nd4 38.Ne4 Be8 39.Rf2 h6 40.Rc8 Bc6 41.Rc7 Be8 42.Nc5 Re3
43.Rf4 Ne6 44.Nxe6+ Rxe6 45.Re4 Rc6 46.Rxc6 Bxc6 47.Rd4 g5 48.Rd6 Bb7 49.Rb6 Bc8
50.d4 h5 51.d5 h4 52.d6 g4 53.Rb8 Be6 54.Re8 Kf6 55.Rh8 Ke5 56.Rxh4 Kxd6
57.Kg3 Kc5 58.b3 a5 59.Rh8 Bxb3 60.Kxg4 Be6+ 61.Kf4 Kc4 62.Rh5 a4 63.Ke3 Bd7
64.Kd2 f5 65.Kc2 Be6 66.Rh4+ Kd5 67.Rb4 Bd7 68.Kd3 Ke5 69.Ke3 Bc6 70.Rd4 Be4
71.Rb4 f4+ 72.Kd2 Bc6 73.Kd3 Kf5 74.Ke2 Ke5 75.Kd3 Kf5 76.Ke2 f3+ 77.Ke3 Ke5
78.Rh4 Kd6 79.Kd4 Bd7 80.Rf4 Bc6 81.Rf6+ Kd7 82.Kc5 Ke7 83.Rf4 Kd7 84.Rd4+ Kc7
85.Rh4 f2 86.Rf4 Be4 87.Rf7+ Kc8 88.Rxf2 Bd3 89.Kc6 Kb8 90.Rf7 Bc4 91.Rc7 Bd3
92.Kb6 Bc4 93.Rc5 Bb3 94.Kxb5 Kb7 95.Rc6 Bd1 96.Rc3 Bb3 97.Rc1 Ka7 98.Rc7+ Kb8
99.Kb6 Ba2 100.Rc1 Bb3 101.Rc3 Ba2 102.Rc7 Bb3 103.Kc6 Bd5+ 104.Kd6 Bb3 105.Rc5 Kb7
106.Rb5+ Ka6 107.Kc6 Ba2 108.Rb6+ Ka7 109.Kb5 Bc4+ 110.Kc5 Bb3 111.Rc6 Kb7
112.Kb5 Ka7 113.Rc7+ Kb8 114.Kb6 Ba2 115.Rd7 Kc8 116.Rd2 Be6 117.Rd4 Bb3
118.Kc6 Kb8 119.Rd8+ Ka7 120.Kc7 Ba2 121.Rd4 Bb3 122.Rb4 Ka6 123.Kc6 Ka7
124.Rh4 Ka6 125.Rh8 Ka7 126.Rd8 Ba2 127.Kb5 Bb3 128.Rd7+ Kb8 129.Kb6 Kc8
130.Rd4  1-0

[Event "Bundesliga 2006-7"]
[Site "Eppingen GER"]
[Date "2007.04.01"]
[Round "15"]
[White "Rudolf,Hen"]
[Black "Dekan,H"]
[Result "1-0"]
[WhiteElo "2327"]
[BlackElo "2179"]

1.e4 c5 2.Nf3 e6 3.d4 cxd4 4.Nxd4 a6 5.Nc3 Nc6 6.Be2 Bc5 7.Nb3 Ba7 8.a4 Qc7
9.O-O Nf6 10.Kh1 Nb4 11.a5 h5 12.Ra4 Ng4 13.f4 Nc6 14.Bxg4 hxg4 15.Qxg4 Rh7
16.Re1 d6 17.Be3 Bd7 18.Rc4 Bxe3 19.Rxe3 Ne5 20.Rxc7 Nxg4 21.Rg3 Nxh2 22.Kg1 Rb8
23.e5 dxe5 24.fxe5 Kd8 25.Rc4 Rc8 26.Rf4 Bc6 27.Nd4 g5 28.Rxg5 Ke7 29.Rg3 Rch8
30.Nxc6+ bxc6 31.Ne4 Rh4 32.Rxh4 Rxh4 33.Nf6 Kd8 34.b3 c5 35.c4 Kc7 36.Rg7 Kc6
37.Rg8 Kb7 38.Rf8 Ng4 39.Rxf7+ Kc8 40.Nd7 Rh5 41.Nf6 Rf5 42.Ra7 Rxe5  1-0

[Event "Bundesliga 2006-7"]
[Site "Eppingen GER"]
[Date "2007.04.01"]
[Round "15"]
[White "Berndt,S"]
[Black "Meier,Geo"]
[Result "1-0"]
[WhiteElo "2430"]
[BlackElo "2512"]

1.e4 c5 2.Nf3 e6 3.d4 cxd4 4.Nxd4 a6 5.Nc3 Qc7 6.Bd3 Nc6 7.Be3 Nf6 8.O-O Ne5
9.h3 b5 10.f4 Nc4 11.Bxc4 Qxc4 12.e5 Nd5 13.Nxd5 Qxd5 14.Qe2 Bb7 15.Nb3 Rc8
16.c3 Be7 17.Rad1 Qe4 18.Rd4 Qg6 19.Qg4 Qxg4 20.hxg4 h5 21.f5 Bd5 22.Rxd5 exd5
23.g5 Rc4 24.f6 Bf8 25.Bd4 g6 26.Nd2 Rc6 27.b4 Re6 28.Nf3 d6 29.Rd1 h4 30.Kh2 dxe5
31.Bxe5 Bd6 32.Rxd5 Bxe5+ 33.Nxe5 h3 34.gxh3 O-O 35.Kg3 Rc8 36.Kf4 Kf8 37.Rd7 Ke8
38.Ra7 Rd8 39.h4 Rc8 40.h5 gxh5 41.Nxf7 Rxc3 42.Ne5  1-0

[Event "8th ch-Euro"]
[Site "Dresden GER"]
[Date "2007.04.03"]
[Round "1"]
[White "Boros,De"]
[Black "Kaphle,Se"]
[Result "1-0"]
[WhiteElo "2502"]
[BlackElo "2010"]

1.e4 c5 2.Nf3 e6 3.d4 cxd4 4.Nxd4 a6 5.Nc3 Qc7 6.Bd3 Nf6 7.O-O d6 8.Kh1 Nbd7
9.f4 Be7 10.Qe2 b5 11.Bd2 Bb7 12.b4 O-O 13.Nb3 Rac8 14.Na5 Ba8 15.Rfc1 Nb6
16.a4 d5 17.e5 Ne4 18.Nxe4 dxe4 19.Bxe4 Bxe4 20.Qxe4 Nxa4 21.c4 Qd7 22.Be1 Bd8
23.Nb7 Rxc4 24.Rxc4 bxc4 25.Nd6 c3 26.Qc2 Nb6 27.Bxc3 Nd5 28.Bd2 Be7 29.Rxa6 Bxd6
30.exd6 Qb5 31.Ra1 g6 32.Qc5 Qe2 33.Qd4 Qb5 34.f5 Qb6 35.Bh6  1-0

[Event "8th ch-Euro"]
[Site "Dresden GER"]
[Date "2007.04.04"]
[Round "2"]
[White "Asauskas,H"]
[Black "Maiwald,JU"]
[Result "1-0"]
[WhiteElo "2264"]
[BlackElo "2489"]

1.e4 c5 2.Nf3 e6 3.d4 cxd4 4.Nxd4 a6 5.Nc3 Qc7 6.g4 Bb4 7.Bd2 Nc6 8.a3 Be7
9.Be3 h6 10.Qe2 b5 11.Bg2 Bb7 12.Nxc6 Bxc6 13.O-O-O Rc8 14.f4 b4 15.axb4 Bxb4
16.Rd3 Qa5 17.Kb1 Ne7 18.Bd4 f6 19.Qe3 Rb8 20.Na2 e5 21.Nxb4 exd4 22.Nxc6 Nxc6
23.Qd2 Qa4 24.e5 fxe5 25.Bxc6 dxc6 26.Re1 O-O 27.Rxe5 Rb4 28.f5 a5 29.Qe1 c5
30.Rxc5 Rfb8 31.Rb3 Rxb3 32.Qe6+ Kh7 33.cxb3 Qxb3 34.Qxb3 Rxb3 35.Rxa5 Rf3
36.Rd5 d3 37.Ka2 h5 38.gxh5 Kh6 39.b4 Kg5 40.Kb3 Rh3 41.Kc3 Rxh2 42.Kxd3 Kf6
43.b5 Rxh5 44.Kc4  1-0